[Event "Samara Polugaevsky Memorial 5th"]
[Site "Samara"]
[Date "2015.07.03"]
[Round "1"]
[White "Voskresenskiy, Denis"]
[Black "Bykov, Oleg1111"]
[Result "0-1"]
[WhiteElo "1537"]
[BlackElo "2178"]
[PlyCount "42"]
[EventDate "2015.07.03"]
[EventType "swiss"]
[EventRounds "9"]
[EventCountry "RUS"]
[SourceTitle "EXT 2017"]
[Source "ChessBase"]
[SourceDate "2016.10.25"]
[SourceVersion "1"]
[SourceVersionDate "2016.10.25"]
[SourceQuality "1"]

1. e4 e6 2. Nf3 d5 3. e5 c5 4. b4 cxb4 5. d4 Nc6 6. a3 bxa3 7. c3 Nge7 8. Bd3 Ng6 9. Nxa3 Be7 10. 0-0 0-0 11. Ne1 Bd7 12. f4 a6 13. Nac2 b5 14. g4 f6 15. f5 Nh4 16. exf6 Bxf6 17. g5 Bxg5 18. Qg4 Bxc1 19. f6 Rxf6 20. Rxc1 Rxf1+ 21. Kxf1 e5 0-1